| 000 | 01155nam a22002657a 4500 | ||
|---|---|---|---|
| 001 | BD-DhSAU | ||
| 003 | BD-DhSAU | ||
| 005 | 20250722154218.0 | ||
| 008 | 150420b2005 bg ||||| m||| 00| 0 eng d | ||
| 040 | _aBD-DhSAU | ||
| 082 |
_222 _a634.99 _bH7949 |
||
| 100 |
_aHOSSAIN, SUMAIA _eRegistration No. # 15-06371 |
||
| 245 |
_aSalinity induced morpho-physiological and yield changes in field pea (pisum sativum l.) / _bMS thesis |
||
| 260 |
_aSher-e-Bangla Agricultural University: _bDepartment of Agroforestry and Environmental Science, _c2022. |
||
| 300 |
_aix, 78p. ; _c30 cm. |
||
| 500 | _aMS thesis of Department of Agroforestry and Environmental Science, Faculty of Agriculture, Sher-e-Bangla Agricultural University, Dhaka, Bangladesh | ||
| 504 | _aIncludes bibliographical reference. | ||
| 590 | _aNazmul | ||
| 650 | _asalinity induced morpho-physiological | ||
| 651 | _achanges in field pea (pisum sativum l.) | ||
| 700 |
_aProf. Dr. Nazmun Naher _eSuperviser |
||
| 700 |
_aAsso. Prof. Abdul Halim _eCo-superviser |
||
| 856 | _uhttp://archive.saulibrary.edu.bd:8080/xmlui/handle/123456789/5283 | ||
| 942 |
_2ddc _cTHESIS |
||
| 999 |
_c17646 _d17645 |
||